Skyrim Quiz - Statistiken

Allgemein
  • Dieses Quiz wurde 116 mal gespielt
  • Das Durchschnittsergebnis liegt bei 10 aus 15
Antwortstatistiken
Hint Antwort % Korrekt
Wie heißt Ulfrics Fraktion im Bürgerkrieg? Sturmmäntel
93%
Wieviele Städte gibt es in Himmelsrand? 9
90%
In welcher Stadt soll man im Intro des Spiels hingerichtet werden? Helgen
90%
Wer lebt in Hoch-Hrothgar? Graubärte
86%
Von Welcher Stadt ist Balgruuf Jarl? Weißlauf
86%
Wie heißt der Gegner in der letzten Mission der Hauptquest? Alduin
85%
Welche Kräfte können von den Gefährten in Weißlauf erlernt werden? Werwolf
78%
Wer hat Torygg, den Großkönig von Himmelsrand, getötet? Ulfric
77%
Wie heißt der Kontinent von Skyrim? Tamriel
69%
Wessen Anbetung ist durch das Weißgoldkonkordat verboten? Talos
58%
Welche Rasse waren die Falmer bevor sie versklavt wurden? Schneeelfen
54%
Wie heißt der Schrei aus den Worten FUS-RO-DAH? Unerbitterliche Macht
36%
Wie heißt der Planet von Skyrim? Nirn
35%
Mit wem kann man außer Ralof von Helgen fliehen? Hadvar
31%
Wie hieß der erste Mensch in Himmelsrand? Ysgramor
16%
Keine übereinstimmenden Quizze gefunden
Verteilung der Resultate
Anzahl Personen mit jedem Resultat
Perzentil nach korrekt beantworteten Fragen
Ihre Resultats-Entwicklung
Sie haben dieses Quiz noch nicht gespielt